000 00406nam a2200181Ia 4500
001 446
005 20260306140518.0
008 260306t1992||||xx |||||||||||||| ||spa||
041 _aESP
082 _a121
_bA78
100 _aArtigas, Mariano
_eAUT
245 0 _aCiencia, razón y fe
260 _c1992
300 _a198 páginas :
_c20 cm.
650 _aGEN
654 _aCHU
942 _cLIB
_dJUS
_fJUS
_2ddc
_n
999 _c446
_d446